000 00441nam a2200181Ia 4500
001 8341
005 20260306160602.0
008 260306t2000||||xx |||||||||||||| ||spa||
041 _aESP
082 _a370.3
_bA12
100 _aAbarca Fernández, Ramón
_eAUT
245 0 _aVocabulario del nuevo enfoque pedagógico
260 _c2000
300 _a267 páginas :
_c21 cm.
650 _aGEN
654 _aCED
942 _cLIB
_dJUS
_fJUS
_2ddc
_n
999 _c8341
_d8341